000 00667nam a2200241 i 4500
001 C2-0301469
003 PPAK
005 20180728082747.0
008 091210s2009 my |||| ||||| | may d
020 _a9789834602499
040 _aPPAK
_beng
_cPPAK
_erda
082 0 4 _a302.2
_223
090 0 0 _a302.2
_bZAW
_dG
100 0 _aZawiyah Mohammad Yusof,
_eauthor
245 1 0 _aKemahiran komunikasi
264 1 _aKuala Lumpur :
_bDewan Bahasa dan Pustaka ,
_c2009
300 _axv, 283 pages ;
_c22 cm
336 _2rdacontent
_atext
337 _2rdamedia
_aunmediated
338 _2rdacarrier
_avolume
650 1 0 _aInterpersonal communication.
942 _ddc
_cB
999 _c105252
_d105252